[Event "AUTO-INT-2318"]
[Site "http://www.queenalice.com/game.php?id=1161451"]
[Date "2013.3.16"]
[Round "3"]
[White "malouco"]
[Black "jhwickboldt"]
[Result "0-1"]
[WhiteElo "1550"]
[BlackElo "1992"]

1. b3 c6 2. Bb2 d5 3. e3 Bf5 4. Bd3 Bxd3 5. cxd3 e6 6. Ne2 Bd6 7. Bxg7 Qg5 8.
Bxh8 f6 9. e4 dxe4 10. O-O Qe5 11. g3 Qxa1 12. Nbc3 Qxd1 13. Nxd1 exd3 14. Nec3
Kf7 15. Ne4 Be7 16. Ne3 Nd7 17. Nc4 Nh6 18. Ncd6+ Bxd6 19. Nxd6+ Kg8 20. Bxf6
Nxf6 21. Nxb7 Nf7 22. Nc5 Ne5 23. Nxe6 Ne4 24. Re1 Nf3+ 25. Kf1 Nexd2+ 26. Kg2
Nxe1+ 27. Kh3 Ndf3 28. Nc7 Rc8 29. Ne6 d2 0-1

[Event "AUTO-INT-2652"]
[Site "http://www.queenalice.com/game.php?id=1188559"]
[Date "2013.6.7"]
[Round "1"]
[White "lani"]
[Black "malouco"]
[Result "1-0"]
[WhiteElo "1744"]
[BlackElo "1547"]

1. e4 b6 2. d3 Bb7 3. Nc3 e6 4. Bd2 Be7 5. Be2 Nf6 6. f4 O-O 7. Nf3 d5 8. e5
Nfd7 9. d4 c5 10. b3 cxd4 11. Nxd4 Nc5 12. O-O Ba6 13. b4 Bxe2 14. Qxe2 Nca6 15.
a3 Nc7 16. Ncb5 Nxb5 17. Nxb5 a6 18. Nd4 b5 19. a4 bxa4 20. Rxa4 Qb6 21. Be3 Qb7
22. c3 Nc6 23. Rfa1 Nxd4 24. Bxd4 Bd8 25. Rxa6 Rxa6 26. Qxa6 Qxa6 27. Rxa6 Be7
28. Ra7 Bd8 29. Kf2 g6 30. Ra8 Be7 31. Rxf8+ Kxf8 32. Ke3 Ke8 33. Ba7 Kd7 34.
Kd4 Kc6 35. g3 Kb5 36. h3 h5 37. Bc5 Bd8 38. h4 Bc7 39. Kd3 Bd8 40. Bd4 Bc7 41.
Ke3 Kc4 42. Kf3 Bd8 43. Kg2 Bc7 44. Kh3 Bd8 45. g4 hxg4+ 46. Kxg4 Be7 47. h5
gxh5+ 48. Kxh5 Kb5 49. Kh6 Bf8+ 50. Kh7 Be7 51. Kg7 Bh4 52. Kxf7 Bg3 53. Kxe6
Bxf4 54. Kxd5 Bg5 55. Kd6 Bf4 56. Kd7 Kc4 57. e6 Bg5 58. e7 Bxe7 59. Kxe7 1-0

[Event "AUTO-INT-2652"]
[Site "http://www.queenalice.com/game.php?id=1188560"]
[Date "2013.6.7"]
[Round "1"]
[White "malouco"]
[Black "lani"]
[Result "0-1"]
[WhiteElo "1556"]
[BlackElo "1720"]

1. b3 d5 2. Bb2 e6 3. e3 Nf6 4. Be2 Bd6 5. Nf3 O-O 6. O-O c5 7. d4 cxd4 8. Bxd4
Nc6 9. c4 Nxd4 10. Nxd4 a6 11. cxd5 Nxd5 12. Bc4 Nb6 13. Nc3 Nxc4 14. bxc4 Bd7
15. Na4 b5 16. cxb5 axb5 17. Nc3 b4 18. Ncb5 Bxb5 19. Nxb5 Be7 20. Qxd8 Rfxd8
21. Nd4 Bf6 22. Rab1 Bxd4 23. exd4 Rxd4 24. Ra1 g6 25. g3 Rd2 26. Rfc1 Raxa2 27.
Rxa2 Rxa2 28. Rc8+ Kg7 29. Rb8 Rb2 30. Kg2 Kf6 31. h4 Kf5 32. Rb7 Kf6 33. g4 h6
34. Kg3 b3 35. Rb5 Rb1 36. Kg2 e5 37. Rb6+ Kg7 38. Rb5 b2 39. Kf3 e4+ 40. Ke2
Kf6 41. Kd2 Rf1 42. Rxb2 Rxf2+ 43. Kc3 Rxb2 44. Kxb2 e3 45. Kc2 Ke5 46. Kd3 Kf4
47. Ke2 f6 48. h5 g5 49. Ke1 Kf3 50. Kf1 Kxg4 51. Ke2 Kf4 52. Ke1 Kf3 53. Kf1
e2+ 54. Ke1 f5 55. Kd2 Kf2 0-1

[Event "AUTO-INT-2652"]
[Site "http://www.queenalice.com/game.php?id=1188575"]
[Date "2013.6.7"]
[Round "1"]
[White "Duduca10"]
[Black "malouco"]
[Result "1-0"]
[WhiteElo "1557"]
[BlackElo "1545"]

1. e4 b6 2. d3 Bb7 3. Nc3 e6 4. Be2 Bb4 5. Bd2 Bxc3 6. Bxc3 Nf6 7. Nf3 O-O 8.
O-O d5 9. e5 Nfd7 10. d4 c5 11. b3 cxd4 12. Nxd4 Nc5 13. f3 Ba6 14. Bb4 Bxe2 15.
Qxe2 a5 16. Ba3 1-0

[Event "AUTO-INT-2652"]
[Site "http://www.queenalice.com/game.php?id=1188576"]
[Date "2013.6.7"]
[Round "1"]
[White "malouco"]
[Black "Duduca10"]
[Result "0-1"]
[WhiteElo "1562"]
[BlackElo "1540"]

1. b3 d5 2. Bb2 e6 3. e3 Nf6 4. Be2 Bd6 5. Nf3 c5 6. O-O O-O 7. d4 cxd4 8. Bxd4
Nc6 9. c4 Nxd4 10. Nxd4 Bd7 11. cxd5 exd5 12. Nc3 Be5 13. Ncb5 a6 14. Nc3 Bc6
15. Nxc6 bxc6 0-1

[Event "AUTO-INT-2652"]
[Site "http://www.queenalice.com/game.php?id=1188585"]
[Date "2013.6.7"]
[Round "1"]
[White "Wecker"]
[Black "malouco"]
[Result "0-1"]
[WhiteElo "1476"]
[BlackElo "1529"]

1. e4 b6 2. d4 Bb7 3. Nc3 e6 4. Nf3 Bb4 5. Bd2 Bxc3 6. Bxc3 Bxe4 7. Bd3 Bxd3 8.
Qxd3 Ne7 9. O-O-O O-O 10. d5 Nxd5 11. g4 Nxc3 12. Qxc3 d5 13. h4 c5 14. g5 d4
15. Qd3 g6 16. Ne5 Nd7 17. f4 Nxe5 18. fxe5 Qd5 0-1

[Event "AUTO-INT-2652"]
[Site "http://www.queenalice.com/game.php?id=1188586"]
[Date "2013.6.7"]
[Round "1"]
[White "malouco"]
[Black "Wecker"]
[Result "1-0"]
[WhiteElo "1543"]
[BlackElo "1462"]

1. b3 e5 2. Bb2 Nc6 3. e3 d5 4. Bb5 Ne7 5. Bxc6+ Nxc6 6. Ne2 Bd6 7. O-O Qg5 8.
Ng3 e4 9. f4 Qe7 10. Bxg7 Rg8 11. Bd4 Bg4 12. Qe1 O-O-O 13. Nc3 Qe6 14. Nb5 h5
15. Nxd6+ Rxd6 16. d3 Nxd4 17. exd4 exd3 18. Qxe6+ 1-0

[Event "AUTO-INT-2726"]
[Site "http://www.queenalice.com/game.php?id=1219793"]
[Date "2013.9.25"]
[Round "1"]
[White "Wilson"]
[Black "malouco"]
[Result "0-1"]
[WhiteElo "1437"]
[BlackElo "1545"]

1. Nf3 b6 2. d4 Bb7 3. Nbd2 e6 4. e4 Be7 5. Bb5 c6 6. Be2 Nf6 7. O-O O-O 8. c4
d5 9. e5 Nfd7 10. a3 Ba6 11. b4 dxc4 12. Nxc4 Bxc4 13. Bxc4 a6 14. Be3 b5 15.
Bb3 a5 16. bxa5 Rxa5 17. Bc1 c5 18. d5 exd5 19. Bxd5 b4 20. a4 Nb6 21. Bxf7+
Rxf7 22. e6 Rf8 23. Ne5 Bf6 24. Bb2 Qxd1 25. Rfxd1 Nxa4 26. e7 Bxe7 27. Rd2 Bf6
28. Re1 Nxb2 29. Rxb2 Bxe5 30. Rbe2 Bd4 31. Rb1 Ra7 32. g3 Raf7 33. Kg2 Rxf2+
34. Rxf2 Rxf2+ 35. Kh3 h6 36. Re1 Kh7 37. Rb1 Nc6 38. Ra1 Ne5 39. Ra7 Nf3 40.
Kg4 Nxh2+ 41. Kh4 Nf3+ 42. Kg4 Ne5+ 43. Kh3 b3 44. Ra3 b2 45. Ra2 b1=Q 46. Rxf2
Bxf2 0-1

[Event "AUTO-INT-2726"]
[Site "http://www.queenalice.com/game.php?id=1219794"]
[Date "2013.9.25"]
[Round "1"]
[White "malouco"]
[Black "Wilson"]
[Result "1-0"]
[WhiteElo "1569"]
[BlackElo "1425"]

1. b3 Nc6 2. Bb2 e5 3. e3 Nf6 4. Be2 Bc5 5. Nf3 O-O 6. O-O d6 7. d3 Qe7 8. d4
exd4 9. Nxd4 Ne5 10. a3 c6 11. b4 Bb6 12. a4 c5 13. bxc5 dxc5 14. Nb5 a6 15.
N5c3 Be6 16. a5 Bc7 17. Nd2 c4 18. Ba3 Bd6 19. Bxd6 Qxd6 20. Nce4 Nxe4 21. Nxe4
Qb4 22. Ng5 Bd7 23. Nf3 Nxf3+ 24. Bxf3 Rab8 25. Qxd7 c3 26. Qd4 Qb2 27. Be4 Rbd8
28. Qb6 Rd2 29. Rab1 Qa3 30. Bd3 Qe7 31. Rfd1 g6 32. Rxd2 cxd2 33. Rd1 Qa3 34.
Rxd2 Qc1+ 35. Bf1 Qxd2 36. c4 Rb8 37. c5 Kg7 38. c6 Qc2 39. cxb7 Qe4 40. Bxa6
Qc2 41. Bf1 Qe4 42. a6 Kh6 43. Qc7 Re8 44. b8=Q Re6 45. a7 Rc6 46. Qxf7 Rc1 47.
Qff4+ Qxf4 48. Qxf4+ g5 49. Qf8+ Kh5 50. a8=Q h6 51. Qf7+ Kh4 52. Qe4+ g4 53.
Qf6+ Kh5 54. Qeg6# 1-0

[Event "AUTO-INT-2726"]
[Site "http://www.queenalice.com/game.php?id=1219807"]
[Date "2013.9.25"]
[Round "1"]
[White "danote"]
[Black "malouco"]
[Result "1-0"]
[WhiteElo "1608"]
[BlackElo "1537"]

1. Nf3 e6 2. d4 b6 3. e4 Bb7 4. e5 Be7 5. Nbd2 Nc6 6. c3 d6 7. Bb5 dxe5 8. Nxe5
Nf6 9. Nxc6 O-O 10. Nxd8 Bxd8 11. b4 Bxg2 12. Rg1 Bb7 13. Qa4 Nd5 14. Bb2 Be7
15. a3 a6 16. Bd3 b5 17. Qc2 Nf6 18. f3 Nh5 19. Bxh7+ Kh8 20. O-O-O Nf6 21. Bg6
fxg6 22. Qxg6 Rg8 23. Rg3 1-0

[Event "AUTO-INT-2726"]
[Site "http://www.queenalice.com/game.php?id=1219808"]
[Date "2013.9.25"]
[Round "1"]
[White "malouco"]
[Black "danote"]
[Result "1-0"]
[WhiteElo "1524"]
[BlackElo "1649"]

1. b3 e5 2. Bb2 e4 3. e3 d5 4. Be2 Nf6 5. Nc3 Bd6 6. a4 c5 7. Bb5+ Bd7 8. Bxd7+
Qxd7 9. Nb5 Qe6 10. Ne2 Nc6 11. O-O a6 12. Nxd6+ Qxd6 13. d3 Ng4 14. Nf4 Nf6 15.
Bxf6 Qxf6 16. Nxd5 Qe5 17. dxe4 O-O 18. Nb6 Rad8 19. Qf3 Qc3 20. Rac1 Nb4 21.
Nd5 Nxd5 22. exd5 c4 23. bxc4 Qxc4 24. d6 Rd7 25. Qf4 Qc6 26. Rfd1 Rfd8 27. Rd2
Rxd6 28. Rxd6 Rxd6 29. g3 Rd2 30. Qb8+ 1-0

[Event "AUTO-INT-2726"]
[Site "http://www.queenalice.com/game.php?id=1219815"]
[Date "2013.9.25"]
[Round "1"]
[White "dlabedz"]
[Black "malouco"]
[Result "0-1"]
[WhiteElo "1414"]
[BlackElo "1579"]

1. d4 b6 2. e4 Bb7 3. Nc3 e6 4. f4 Be7 5. Nf3 Nf6 6. Bd3 O-O 7. e5 Nd5 8. Nb5 a6
9. Nc3 Nxc3 10. bxc3 c5 11. g4 cxd4 12. cxd4 Nc6 13. Be3 b5 14. Qd2 Nb4 15. Be2
Bxf3 16. Bxf3 Rc8 17. Be4 d5 18. Bf3 Nxc2+ 19. Ke2 Nxa1 20. Rxa1 b4 21. f5 exf5
22. gxf5 a5 23. Rg1 f6 24. e6 Qd6 25. Bh6 Qxh2+ 26. Kf1 Qxd2 27. Bxd2 Rc2 28.
Rg2 Rxa2 29. Bxd5 Ra1+ 30. Ke2 Rb1 31. Kd3 b3 32. Bxa5 b2 33. Ke3 Re1+ 34. Kd2
b1=Q 35. Bc4 Qb2+ 36. Kd3 Qxg2 37. Bxe1 Qf1+ 0-1

[Event "AUTO-INT-2726"]
[Site "http://www.queenalice.com/game.php?id=1219816"]
[Date "2013.9.25"]
[Round "1"]
[White "malouco"]
[Black "dlabedz"]
[Result "1-0"]
[WhiteElo "1557"]
[BlackElo "1458"]

1. b3 d5 2. Bb2 f6 3. e3 e5 4. Be2 c5 5. Nf3 e4 6. Ng1 f5 7. Bb5+ Bd7 8. Bxd7+
Qxd7 9. Ne2 Nc6 10. O-O g5 11. Bxh8 h5 12. Bb2 h4 13. h3 g4 14. Nf4 gxh3 15.
Nxh3 O-O-O 16. Qh5 Nf6 17. Bxf6 Re8 18. Bb2 Ne7 19. Qe2 Ng6 20. d3 Bd6 21. dxe4
fxe4 22. Nc3 d4 23. exd4 Nf4 24. Nxf4 Bxf4 25. dxc5 Rg8 26. Qxe4 Qg4 27. Ne2 Rg6
28. Nxf4 Rh6 29. Qe8+ Kc7 30. Be5+ 1-0

[Event "AUTO-INT-2767"]
[Site "http://www.queenalice.com/game.php?id=1236164"]
[Date "2013.11.28"]
[Round "1"]
[White "malouco"]
[Black "pedroingles"]
[Result "0-1"]
[WhiteElo "1551"]
[BlackElo "1774"]

1. b3 e5 2. Bb2 Nc6 3. e3 Nf6 4. Be2 Bc5 5. Nf3 d6 6. O-O O-O 7. d3 Be6 8. c4 d5
9. Nxe5 dxc4 10. Nxc6 bxc6 11. dxc4 Qd7 12. Qxd7 Bxd7 13. Bxf6 gxf6 14. Nd2 Bf5
15. Bf3 Bd7 16. Ne4 Be7 17. Rfd1 Be6 18. Nd2 Bd7 19. g3 Rad8 20. Bg2 c5 21. Nf3
Bg4 22. Rxd8 Rxd8 23. a4 a5 24. Ra2 Rd1+ 25. Bf1 Bxf3 26. h4 Bg4 27. Kg2 Bh3+
28. Kxh3 Rxf1 29. Kg2 Rb1 0-1

[Event "AUTO-INT-2767"]
[Site "http://www.queenalice.com/game.php?id=1236165"]
[Date "2013.11.28"]
[Round "1"]
[White "pedroingles"]
[Black "malouco"]
[Result "1-0"]
[WhiteElo "1781"]
[BlackElo "1544"]

1. d4 b6 2. e4 Bb7 3. Nc3 e6 4. Bd3 Be7 5. Nf3 Nf6 6. O-O O-O 7. Bd2 d6 8. Re1
c5 9. dxc5 dxc5 10. Bb5 a6 11. Bd3 b5 12. a3 c4 13. Be2 Nc6 14. Bf4 Qxd1 15.
Raxd1 Rfd8 16. Bc7 Rxd1 17. Rxd1 Rc8 18. Bd6 Bxd6 19. Rxd6 Na5 20. h3 Nxe4 21.
Nxe4 Bxe4 22. Rd2 Bxf3 23. Bxf3 Nc6 24. Bxc6 g6 25. Bb7 Rb8 26. Bxa6 h5 27. c3
Kg7 28. Rd7 Kf6 29. Rb7 Rd8 30. Bxb5 1-0

[Event "AUTO-INT-2767"]
[Site "http://www.queenalice.com/game.php?id=1236166"]
[Date "2013.11.28"]
[Round "1"]
[White "malouco"]
[Black "bpctreinamento"]
[Result "0-1"]
[WhiteElo "1537"]
[BlackElo "1518"]

1. b3 e5 2. Bb2 Nc6 3. e3 e4 4. d3 exd3 5. Bxd3 Bc5 6. Bxg7 Bb4+ 7. c3 Bd6 8.
Bxh8 Be5 9. Bxe5 Nxe5 10. Ne2 d6 11. Bxh7 Nf6 0-1

[Event "AUTO-INT-2767"]
[Site "http://www.queenalice.com/game.php?id=1236167"]
[Date "2013.11.28"]
[Round "1"]
[White "bpctreinamento"]
[Black "malouco"]
[Result "1-0"]
[WhiteElo "1535"]
[BlackElo "1520"]

1. e4 b6 2. Bc4 Bb7 3. Nc3 e6 4. Nf3 Be7 5. O-O Nf6 6. d3 O-O 7. Bg5 d5 8. exd5
Nxd5 9. Bxd5 exd5 10. Bxe7 Qxe7 11. Re1 Qd6 12. Nb5 Qc5 13. a4 1-0

[Event "AUTO-INT-2767"]
[Site "http://www.queenalice.com/game.php?id=1236168"]
[Date "2013.11.28"]
[Round "1"]
[White "malouco"]
[Black "Clemente"]
[Result "0-1"]
[WhiteElo "1588"]
[BlackElo "1510"]

1. b3 Nc6 2. Bb2 e5 3. e3 d5 4. Be2 Bc5 5. Nf3 h6 6. Nxe5 Nxe5 7. Bxe5 f6 8. Bb2
h5 9. Bxh5+ Ke7 10. O-O Be6 11. Bg4 f5 12. Be2 Nf6 13. Bxf6+ gxf6 14. d4 Bd6 15.
c4 Bxh2+ 16. Kh1 Bg3+ 0-1

[Event "AUTO-INT-2767"]
[Site "http://www.queenalice.com/game.php?id=1236169"]
[Date "2013.11.28"]
[Round "1"]
[White "Clemente"]
[Black "malouco"]
[Result "1-0"]
[WhiteElo "1529"]
[BlackElo "1569"]

1. c4 b6 2. d4 Bb7 3. d5 e6 4. e4 Be7 5. Nc3 exd5 6. exd5 Nf6 7. Nh3 O-O 8. Qf3
Re8 9. Be2 Bb4 10. O-O Bxc3 11. bxc3 a5 12. Be3 Ne4 13. Bd4 Nd2 14. Qg4 g6 15.
Rfd1 Ne4 16. f3 1-0